000 00791pam a2200253 a 4500
999 _c4434
_d4434
001 18673
003 BD-DhUAP
005 20201110152848.0
008 201110r20122009ii a b 001 0 eng
020 _a8121904145
040 _aBD-DhUAP
_cBD-DhUAP
_dBD-DhUAP
_bEng
082 0 0 _a539 SUB
_223
100 _aSubrahmanyam, N.
245 _aAtomic and nuclear physics :
_b for B.Sc. classes as per UGC model syllabus /
_cN. Subrahmanyam, Brij Lal and ; revised by Jivan Seshan.
250 _arev. ed.
260 _aNew Delhi :
_bS. Chand & co. ltd.,
_cc2009 [Reprinted 2012].
300 _axii, 275 pages :
_billustrations ;
_c24 cm.
504 _aIncludes bibliography.
650 _aPhysics
650 _aNuclear physics.
650 _aAtoms.
700 _aLal, Brij.
942 _2ddc
_cBK